Loading...
| History - Other | 0 | 9 | 0 | 0 | 90 | 38 | 78.33 | 3 | 5 | 0.00 | 0.00 |
| History - European | 0 | 7 | 0 | 0 | 70 | 56 | 72.43 | 0 | 5 | 0.00 | 0.00 |
| History - World | 0 | 6 | 0 | 1 | 60 | 43 | 94.00 | 1 | 2 | 0.00 | 0.00 |
| Mythology | 0 | 4 | 0 | 1 | 40 | 95 | 111.25 | 0 | 0 | 0.00 | 0.00 |
| Religion | 0 | 3 | 0 | 0 | 30 | 38 | 80.67 | 1 | 1 | 0.00 | 0.00 |
| Social Science | 0 | 2 | 0 | 0 | 20 | 77 | 97.00 | 0 | 0 | 0.00 | 0.00 |
| Literature - World | 0 | 2 | 0 | 0 | 20 | 86 | 88.00 | 0 | 0 | 0.00 | 0.00 |
| Philosophy | 0 | 2 | 0 | 0 | 20 | 80 | 85.50 | 0 | 1 | 0.00 | 0.00 |
| History - American | 0 | 2 | 1 | 0 | 15 | 96 | 97.50 | 0 | 0 | 0.00 | 0.00 |
| Science - Other | 0 | 2 | 1 | 1 | 15 | 98 | 111.00 | 0 | 0 | 0.00 | 0.00 |
| Fine Arts - Other | 0 | 1 | 0 | 0 | 10 | 138 | 138.00 | 0 | 0 | 0.00 | 0.00 |
| Literature - British | 0 | 1 | 0 | 0 | 10 | 28 | 28.00 | 0 | 1 | 0.00 | 0.00 |
| Popular Culture | 0 | 1 | 0 | 0 | 10 | 76 | 76.00 | 0 | 0 | 0.00 | 0.00 |
| Fine Arts - Painting and Sculpture | 0 | 1 | 1 | 1 | 5 | 116 | 116.00 | 0 | 0 | 0.00 | 0.00 |
| Literature - European | 0 | 0 | 0 | 0 | 0 | 0.00 | 0 | 0 | 0.00 | 0.00 |